[Event "XXVI Festival Conca della Presolana A"]
[Site "Bratto - Castione della Presolana ITA"]
[Date "2006.08.23"]
[Round "5"]
[White "Orsi, Massimiliano"]
[Black "Piva, Giorgio"]
[Result "0-1"]
[WhiteElo "2025"]
[BlackElo "2129"]
[PlyCount "68"]
[EventDate "2006.08.19"]

1. e4 c5 2. Nf3 d6 3. d4 cxd4 4. Nxd4 Nf6 5. Nc3 g6 6. f3 Bg7 7. Be3 Nc6 8. Qd2
O-O 9. O-O-O Bd7 10. g4 Rc8 11. Kb1 Ne5 12. h4 Qa5 13. Nd5 Qxd2 14. Nxe7+ Kh8
15. Rxd2 Rce8 16. Nd5 Nxd5 17. exd5 Nxg4 18. fxg4 Rxe3 19. c3 Bxg4 20. Kc2 a6
21. Kb3 Rfe8 22. Rg1 Bh5 23. Kb4 R8e4 24. Ka5 Bxd4 25. cxd4 Rxh4 26. Kb6 Re7
27. Bg2 f5 28. Rc1 Rh2 29. Rdc2 f4 30. Bf1 Rxc2 31. Rxc2 Bf3 32. Rc7 Re1 33.
Bc4 Rc1 34. Kxb7 Rxc4 0-1

[Event "XXVI Festival Conca della Presolana A"]
[Site "Bratto - Castione della Presolana ITA"]
[Date "2006.08.23"]
[Round "5"]
[White "Pace, Pietro Dario"]
[Black "Astengo, Corrado"]
[Result "0-1"]
[WhiteElo "2228"]
[BlackElo "2119"]
[PlyCount "94"]
[EventDate "2006.08.19"]

1. e4 e6 2. d3 d5 3. Nd2 Nf6 4. Ngf3 c5 5. g3 Nc6 6. Bg2 Be7 7. O-O a6 8. c3 b5
9. e5 Nd7 10. Re1 Bb7 11. Nf1 h6 12. d4 Rc8 13. Ne3 Qb6 14. h4 a5 15. a3 cxd4
16. cxd4 b4 17. h5 Ba6 18. Ng4 bxa3 19. bxa3 Bc4 20. Re3 Rb8 21. Rc3 Bb3 22.
Qd2 a4 23. Bf1 Na7 24. Qf4 Nb5 25. Re3 Rc8 26. Re1 Nb8 27. Ne3 Nc6 28. Bb2 Na5
29. Rec1 Nc4 30. Nxc4 dxc4 31. d5 exd5 32. e6 O-O 33. Be5 fxe6 34. Qg4 Bf6 35.
Re1 Rce8 36. Rac1 Bxe5 37. Rxe5 Rf6 38. Bg2 Ref8 39. Rce1 Nc7 40. R5e2 c3 41.
Rc1 Bc4 42. Rec2 Nb5 43. Rxc3 Nxc3 44. Rxc3 Qb1+ 45. Kh2 Qb2 46. Re3 Qxf2 47.
Rc3 Be2 0-1

[Event "XXVI Festival Conca della Presolana A"]
[Site "Bratto - Castione della Presolana ITA"]
[Date "2006.08.23"]
[Round "5"]
[White "Paolinelli, Giacomo"]
[Black "Lava, Giovanni"]
[Result "1/2-1/2"]
[WhiteElo "2023"]
[BlackElo "2232"]
[PlyCount "105"]
[EventDate "2006.08.19"]

1. e4 c5 2. Nc3 e6 3. Nge2 Nc6 4. g3 Qc7 5. Bg2 a6 6. a4 Nf6 7. d3 Be7 8. O-O
Rb8 9. Nf4 b5 10. axb5 axb5 11. Nh5 Nxh5 12. Qxh5 Nd4 13. Qd1 d6 14. f4 b4 15.
Ne2 e5 16. f5 O-O 17. g4 Qd8 18. Be3 Bg5 19. Bf2 Qe7 20. Ng3 g6 21. c3 bxc3 22.
bxc3 Nb5 23. Ne2 Bd7 24. Qe1 h6 25. Bg3 Ra8 26. Qf2 Bd2 27. Rad1 Qg5 28. h4 Qe3
29. c4 Nc3 30. Nxc3 Qxf2+ 31. Bxf2 Bxc3 32. Be3 Kg7 33. Rf2 Rfb8 34. fxg6 Kxg6
35. Rdf1 Be6 36. Rf6+ Kh7 37. Rxh6+ Kg7 38. g5 Rb2 39. Rhf6 Re2 40. Bf2 Raa2
41. h5 Bd4 42. h6+ Kh8 43. Rf3 Kh7 44. Bh1 Rxf2 45. R1xf2 Rxf2 46. Rxf2 f6 47.
gxf6 Kxh6 48. Kg2 Bxf2 49. Kxf2 Kg6 50. Ke3 Bd7 51. Bf3 Ba4 52. Kd2 Kxf6 53.
Bh5 1/2-1/2

[Event "XXVI Festival Conca della Presolana A"]
[Site "Bratto - Castione della Presolana ITA"]
[Date "2006.08.23"]
[Round "5"]
[White "Pegoraro, Nicola"]
[Black "Zoldan, Matteo"]
[Result "1-0"]
[WhiteElo "2047"]
[BlackElo "2127"]
[PlyCount "61"]
[EventDate "2006.08.19"]

1. e4 c5 2. Nf3 Nc6 3. d4 cxd4 4. Nxd4 Qb6 5. Nb5 a6 6. N5c3 e6 7. Nd2 Bc5 8.
Qe2 Qc7 9. Nb3 Be7 10. f4 d6 11. Be3 b5 12. a3 Nf6 13. Qf3 Rb8 14. Bd3 O-O 15.
Nd4 Bb7 16. O-O Nd7 17. Qh3 Nc5 18. Nxc6 Qxc6 19. Bxc5 Qxc5+ 20. Kh1 g6 21. f5
Qe5 22. Rae1 Bf6 23. Re2 Rbe8 24. Ref2 d5 25. fxe6 dxe4 26. Rxf6 Rxe6 27. Rxe6
fxe6 28. Rxf8+ Kxf8 29. Qe3 Qh5 30. Bxe4 Bxe4 31. Qxe4 1-0

[Event "XXVI Festival Conca della Presolana A"]
[Site "Bratto - Castione della Presolana ITA"]
[Date "2006.08.23"]
[Round "5"]
[White "Piemonti, Carlo"]
[Black "Beccaris, Gabriele"]
[Result "1-0"]
[WhiteElo "2058"]
[BlackElo "2025"]
[PlyCount "47"]
[EventDate "2006.08.19"]

1. e4 c5 2. Nf3 e6 3. b3 Nc6 4. Bb5 d5 5. exd5 exd5 6. O-O Be7 7. d4 Bf6 8.
Re1+ Nge7 9. Bg5 Bxg5 10. Nxg5 cxd4 11. Qh5 g6 12. Qh6 Kd7 13. Nxf7 Qf8 14. Qf4
Rg8 15. Qd6+ Ke8 16. Nd8 Bd7 17. Nxc6 bxc6 18. Bxc6 Rd8 19. Bxd5 Rg7 20. Nd2
Qf5 21. Re5 Qf8 22. Rae1 Rc8 23. Ne4 Kd8 24. Nc5 1-0

[Event "XXVI Festival Conca della Presolana A"]
[Site "Bratto - Castione della Presolana ITA"]
[Date "2006.08.23"]
[Round "5"]
[White "Podini, Francesco"]
[Black "Faccia, Sergio"]
[Result "1-0"]
[WhiteElo "2069"]
[BlackElo "2035"]
[PlyCount "45"]
[EventDate "2006.08.19"]

1. c4 e5 2. Nc3 c6 3. e4 Bc5 4. Nf3 d6 5. Be2 f5 6. exf5 Bxf5 7. d4 exd4 8.
Nxd4 Bg6 9. Ne6 Qf6 10. Nxc5 dxc5 11. Be3 Nd7 12. Qd2 Ne7 13. Rd1 Rd8 14. Bg5
Qe6 15. Qf4 Rf8 16. Qg3 h6 17. Rd6 Qxd6 18. Qxd6 hxg5 19. O-O Rf6 20. Qc7 Nf8
21. Bg4 Ne6 22. Qe5 Rd6 23. Qxd6 1-0

[Event "XXVI Festival Conca della Presolana A"]
[Site "Bratto - Castione della Presolana ITA"]
[Date "2006.08.23"]
[Round "5"]
[White "Raselli, Claudio"]
[Black "Di Lascio, Savino"]
[Result "1/2-1/2"]
[WhiteElo "2034"]
[BlackElo "2048"]
[PlyCount "115"]
[EventDate "2006.08.19"]

1. c4 Nf6 2. Nf3 e6 3. d4 b6 4. g3 Ba6 5. b3 Bb4+ 6. Bd2 Qe7 7. a3 Bxd2+ 8.
Nbxd2 d5 9. Bg2 c6 10. O-O Nbd7 11. Re1 Ne4 12. Nxe4 dxe4 13. Ne5 Nxe5 14. dxe5
Rd8 15. Qc2 Qg5 16. Qxe4 O-O 17. Qxc6 Qxe5 18. Qa4 Bc8 19. Qxa7 Rd2 20. Qxb6
Rxe2 21. Rxe2 Qxa1+ 22. Bf1 e5 23. Qe3 Qxa3 24. Qc3 f6 25. Rd2 Be6 26. Bg2 Rb8
27. Rd3 Kf8 28. Be4 h6 29. Bg6 Ke7 30. Kg2 Qa8+ 31. Kg1 Qa2 32. Re3 Rd8 33.
Qb4+ Rd6 34. Rd3 Qa6 35. Qxd6+ Qxd6 36. Rxd6 Kxd6 37. Kf1 Kc5 38. Ke2 f5 39.
Kd2 Kd4 40. Be8 g5 41. Bg6 f4 42. gxf4 gxf4 43. Be8 e4 44. Bh5 Bh3 45. Bf7 Bf1
46. Be6 e3+ 47. fxe3+ fxe3+ 48. Ke1 Bd3 49. h4 Kc5 50. Kd1 Kb4 51. Bd5 Kxb3 52.
c5+ Kc3 53. c6 Bf5 54. c7 Bc8 55. Ke2 Kd4 56. Bf3 Ba6+ 57. Ke1 Bc8 58. Ke2
1/2-1/2

[Event "XXVI Festival Conca della Presolana A"]
[Site "Bratto - Castione della Presolana ITA"]
[Date "2006.08.23"]
[Round "5"]
[White "Ricca, Giorgio"]
[Black "Vivo, Mario"]
[Result "1/2-1/2"]
[WhiteElo "2078"]
[BlackElo "2165"]
[PlyCount "55"]
[EventDate "2006.08.19"]

1. e4 c5 2. Nc3 e6 3. f4 a6 4. Nf3 b5 5. d3 Bb7 6. Ne2 Nf6 7. Ng3 Be7 8. Be2
Qc7 9. e5 Nd5 10. c4 Nb6 11. O-O Nc6 12. b3 f5 13. Bb2 O-O 14. Qe1 g6 15. Rc1
b4 16. Rd1 a5 17. d4 cxd4 18. Nxd4 Bc5 19. Kh1 Nxd4 20. Bxd4 a4 21. Bb2 axb3
22. axb3 Ra2 23. Qd2 h5 24. Bf3 Bxf3 25. Rxf3 Rfa8 26. Ne2 Qc6 27. Nc1 R2a5 28.
Nd3 1/2-1/2

[Event "XXVI Festival Conca della Presolana A"]
[Site "Bratto - Castione della Presolana ITA"]
[Date "2006.08.23"]
[Round "5"]
[White "Rombaldoni, Axel"]
[Black "Piscopo, Pierluigi"]
[Result "1/2-1/2"]
[WhiteElo "2169"]
[BlackElo "2393"]
[PlyCount "54"]
[EventDate "2006.08.19"]

1. e4 c5 2. Nf3 Nc6 3. d4 cxd4 4. Nxd4 Nf6 5. Nc3 e5 6. Ndb5 d6 7. Nd5 Nxd5 8.
exd5 Ne7 9. c3 Nf5 10. a4 g6 11. Bd3 Bg7 12. O-O O-O 13. Qb3 Re8 14. Re1 Bd7
15. Na3 Rb8 16. Nc4 Bf8 17. a5 Qc7 18. Bxf5 Bxf5 19. Be3 Bd3 20. Nd2 b5 21.
axb6 axb6 22. c4 e4 23. Qb5 Rec8 24. Rec1 Qd8 25. b3 Rc5 26. Bxc5 bxc5 27. Qa5
Qxa5 1/2-1/2

[Event "XXVI Festival Conca della Presolana A"]
[Site "Bratto - Castione della Presolana ITA"]
[Date "2006.08.23"]
[Round "5"]
[White "Salmoiraghi, Angelo"]
[Black "Ruggeri, Pietro"]
[Result "0-1"]
[WhiteElo "2015"]
[BlackElo "2123"]
[PlyCount "151"]
[EventDate "2006.08.19"]

1. d4 d5 2. c4 e5 3. dxe5 d4 4. a3 Nc6 5. e3 dxe3 6. Qxd8+ Kxd8 7. Bxe3 Nxe5 8.
Nf3 Nxf3+ 9. gxf3 c6 10. Nc3 Ke8 11. O-O-O Ne7 12. Ne4 Nf5 13. Bf4 f6 14. c5
Be6 15. Bh3 Kf7 16. Rhe1 Re8 17. Bxf5 Bxf5 18. Bd6 Bxe4 19. fxe4 Bxd6 20. Rxd6
Re7 21. Kd2 Rhe8 22. Kd3 Re5 23. Rd7+ R8e7 24. Rxe7+ Kxe7 25. Rg1 g6 26. Kd4
Rh5 27. Rg2 Rh3 28. f4 Rf3 29. f5 Kf7 30. fxg6+ hxg6 31. Re2 Ke6 32. Rg2 g5 33.
Re2 Rh3 34. Rf2 b6 35. Re2 b5 36. Rf2 a5 37. Re2 a4 38. Rf2 Rb3 39. Re2 Rf3 40.
Rd2 Rh3 41. Rf2 Rb3 42. Re2 b4 43. axb4 Rxb4+ 44. Kc3 Rb3+ 45. Kd4 a3 46. bxa3
Rxa3 47. Rb2 Ra4+ 48. Kd3 Ke5 49. Rb6 Rd4+ 50. Kc3 Rxe4 51. Rxc6 Rh4 52. Rd6
Rxh2 53. Rd1 Rh8 54. Kc4 g4 55. Re1+ Kf4 56. Rf1+ Kg5 57. c6 f5 58. Kd5 f4 59.
Ke4 Re8+ 60. Kd3 g3 61. c7 Rc8 62. Rc1 Kg4 63. Ke2 f3+ 64. Kf1 Kh3 65. Rc6 f2
66. Rh6+ Kg4 67. Rg6+ Kf4 68. Rf6+ Kg5 69. Rc6 Rh8 70. Rc5+ Kg6 71. Rc6+ Kg7
72. c8=Q Rh1+ 73. Ke2 f1=Q+ 74. Ke3 Qf2+ 75. Ke4 Rh4+ 76. Kd5 0-1

[Event "XXVI Festival Conca della Presolana A"]
[Site "Bratto - Castione della Presolana ITA"]
[Date "2006.08.23"]
[Round "5"]
[White "Schuurman, Petra"]
[Black "Drazic, Sinisa"]
[Result "1/2-1/2"]
[WhiteElo "2219"]
[BlackElo "2514"]
[PlyCount "142"]
[EventDate "2006.08.19"]

1. d4 d6 2. Nf3 g6 3. c4 Bg7 4. e4 e5 5. Bg5 f6 6. Bh4 Nd7 7. Nc3 Nh6 8. dxe5
dxe5 9. c5 Nxc5 10. Qxd8+ Kxd8 11. O-O-O+ Ke8 12. Nd5 Kf7 13. Nxc7 Be6 14. Nxe6
Kxe6 15. Bc4+ Ke7 16. Bd5 Rhc8 17. Kb1 Rc7 18. Nd2 Rac8 19. f3 Nf7 20. Nc4 Ne6
21. Ne3 Nd4 22. Bb3 Kf8 23. Nd5 Rc6 24. Rc1 f5 25. Rc3 Bh6 26. Rd1 fxe4 27.
fxe4 Bg5 28. Bf2 Nxb3 29. axb3 a6 30. Bg3 Ke8 31. Rf1 Rxc3 32. bxc3 Rc6 33. Kc2
h5 34. h3 Bd8 35. Kd3 b5 36. Rf2 a5 37. Ra2 Kd7 38. Bh2 Ke6 39. Ra1 Ra6 40. Bg1
Rc6 41. Be3 Nd6 42. g4 hxg4 43. hxg4 Rc8 44. Ra2 Rb8 45. Bc5 Nb7 46. Be3 Ra8
47. Ra1 Ra6 48. Ra2 Kd7 49. Rh2 a4 50. Rh7+ Kc8 51. bxa4 bxa4 52. Nb4 Rd6+ 53.
Kc2 Rd7 54. Rxd7 Kxd7 55. Nd3 Bc7 56. c4 Kc6 57. Nb4+ Kd6 58. Nd3 Na5 59. Kc3
Nc6 60. c5+ Ke6 61. Kc4 a3 62. Kb3 Na5+ 63. Ka2 Nc4 64. Bc1 Kd7 65. Kb3 a2 66.
Kxa2 Kc6 67. Kb3 Kb5 68. Bh6 Bd8 69. Kc2 Bc7 70. Bg7 Ne3+ 71. Kb2 Nxg4 1/2-1/2

[Event "XXVI Festival Conca della Presolana A"]
[Site "Bratto - Castione della Presolana ITA"]
[Date "2006.08.23"]
[Round "5"]
[White "Scotti, Umberto"]
[Black "Saccani, Ettore"]
[Result "1-0"]
[WhiteElo "2207"]
[BlackElo "1940"]
[PlyCount "45"]
[EventDate "2006.08.19"]

1. d4 Nf6 2. Nf3 g6 3. Bf4 Bg7 4. e3 O-O 5. Be2 d6 6. h3 Nbd7 7. O-O Qe8 8. c4
e5 9. Bh2 h6 10. Nc3 a6 11. Qc2 Nh7 12. b4 f5 13. c5 b5 14. Nd5 Qd8 15. cxd6
Bb7 16. Ne7+ Kf7 17. Qb3+ Ke8 18. Nxg6 Rf6 19. Qg8+ Nhf8 20. Ngxe5 Nxe5 21.
Nxe5 cxd6 22. Bh5+ Ke7 23. Qxg7+ 1-0

[Event "XXVI Festival Conca della Presolana A"]
[Site "Bratto - Castione della Presolana ITA"]
[Date "2006.08.23"]
[Round "5"]
[White "Shytaj, Luca"]
[Black "Sax, Gyula"]
[Result "1/2-1/2"]
[WhiteElo "2433"]
[BlackElo "2545"]
[PlyCount "121"]
[EventDate "2006.08.19"]

1. e4 c5 2. Nf3 e6 3. d4 cxd4 4. Nxd4 Nf6 5. Nc3 d6 6. g4 h6 7. h4 Be7 8. Rg1
d5 9. exd5 Nxd5 10. Bb5+ Kf8 11. Qf3 Bf6 12. Nxd5 Qxd5 13. Qxd5 exd5 14. Be3
Bxh4 15. O-O-O Bf6 16. Ba4 Na6 17. Bb3 Nc7 18. Bf4 Bg5 19. Bxg5 hxg5 20. Nf3 f6
21. c4 Rh3 22. cxd5 Rxf3 23. d6 Ne8 24. d7 Bxd7 25. Rxd7 Rc8+ 26. Kb1 Rc7 27.
Rgd1 Rxf2 28. Rxc7 Nxc7 29. Rd7 Na6 30. Rf7+ Ke8 31. Rxg7 Nb4 32. Bc4 Rg2 33.
b3 Nxa2 34. Rxb7 Nc3+ 35. Kc1 a5 36. Ra7 Na2+ 37. Kd1 Nc3+ 38. Ke1 Rxg4 39.
Rxa5 Rd4 40. Kf2 Ke7 41. Ke3 Rf4 42. Ra6 Kd7 43. Ra1 Kd6 44. Ra5 Nd1+ 45. Ke2
Nf2 46. Bg8 Ne4 47. Rd5+ Ke7 48. Rd3 Nc5 49. Rf3 Rb4 50. Kd2 g4 51. Re3+ Kd6
52. Bc4 f5 53. Re8 f4 54. Rd8+ Ke7 55. Rg8 g3 56. Rg4 Nxb3+ 57. Kc3 Rxc4+ 58.
Kxc4 f3 59. Rxg3 Nd2+ 60. Kd3 f2 61. Rf3 1/2-1/2

[Event "XXVI Festival Conca della Presolana A"]
[Site "Bratto - Castione della Presolana ITA"]
[Date "2006.08.23"]
[Round "5"]
[White "Stips, Felix"]
[Black "Radice, Luca"]
[Result "1/2-1/2"]
[WhiteElo "1874"]
[BlackElo "2081"]
[PlyCount "108"]
[EventDate "2006.08.19"]

1. e4 e6 2. d4 d5 3. Nc3 Bb4 4. Nge2 dxe4 5. a3 Bxc3+ 6. Nxc3 Nc6 7. Bb5 Nge7
8. Bg5 f6 9. Be3 O-O 10. f3 Nf5 11. Bxc6 Nxe3 12. Qe2 Qxd4 13. Bxe4 Bd7 14. Nd1
Nd5 15. Qf2 Qxf2+ 16. Kxf2 Bc6 17. c4 Ne7 18. Nc3 Bxe4 19. Nxe4 Kf7 20. Rad1
Rfd8 21. Rhe1 b6 22. Nc3 a6 23. g4 Nc6 24. Rxd8 Rxd8 25. Rd1 Rxd1 26. Nxd1 g6
27. Ke3 e5 28. Nc3 Ne7 29. b4 Ke6 30. a4 f5 31. h3 Kd6 32. Kd3 c6 33. Ke3 h5
34. Kd3 hxg4 35. hxg4 Ng8 36. Nd1 Ne7 37. Ne3 a5 38. c5+ bxc5 39. bxa5 Nd5 40.
Ng2 Nf6 41. gxf5 gxf5 42. Nh4 e4+ 43. fxe4 fxe4+ 44. Ke3 Kc7 45. Ng6 Kd6 46.
Nh4 Kc7 47. Ng6 Kb7 48. Ne5 Nd5+ 49. Kxe4 Nc3+ 50. Kd3 Nxa4 51. Kc4 Nb6+ 52.
Kxc5 Na4+ 53. Kb4 Nb6 54. axb6 Kxb6 1/2-1/2

[Event "XXVI Festival Conca della Presolana A"]
[Site "Bratto - Castione della Presolana ITA"]
[Date "2006.08.23"]
[Round "5"]
[White "Temi, Walter"]
[Black "Bresciani, Nicola"]
[Result "0-1"]
[WhiteElo "2105"]
[BlackElo "2290"]
[PlyCount "64"]
[EventDate "2006.08.19"]

1. e4 c5 2. Nf3 d6 3. c3 Nf6 4. Qc2 Qc7 5. Bb5+ Bd7 6. Bxd7+ Nbxd7 7. d3 e6 8.
Bf4 Be7 9. Qe2 Qc6 10. Nbd2 O-O 11. h3 Rfc8 12. O-O b5 13. Rfc1 a5 14. a3 Nb6
15. Bg3 Nfd7 16. Nh4 Bf6 17. f4 d5 18. e5 Be7 19. Nhf3 g6 20. Bh4 Bf8 21. Bf2
Qb7 22. d4 c4 23. g4 b4 24. axb4 axb4 25. Nf1 Na4 26. f5 Ra6 27. fxe6 fxe6 28.
Rab1 bxc3 29. b3 Rb6 30. Ra1 cxb3 31. Rxa4 b2 32. Qd1 bxc1=Q 0-1

[Event "XXVI Festival Conca della Presolana A"]
[Site "Bratto - Castione della Presolana ITA"]
[Date "2006.08.23"]
[Round "5"]
[White "Tomba, Ivan"]
[Black "Maccagno, Giancarlo"]
[Result "1-0"]
[WhiteElo "2227"]
[BlackElo "2093"]
[PlyCount "97"]
[EventDate "2006.08.19"]

1. e4 e6 2. d4 c5 3. Nf3 cxd4 4. Nxd4 Nf6 5. Nc3 Nc6 6. Ndb5 d6 7. Bf4 e5 8.
Bg5 a6 9. Na3 b5 10. Nd5 Be7 11. Bxf6 Bxf6 12. c3 O-O 13. Nc2 Nb8 14. a4 bxa4
15. Rxa4 Nd7 16. Ra2 Nc5 17. Bd3 Bb7 18. O-O Bg5 19. b4 Bxd5 20. exd5 Nxd3 21.
Qxd3 Qb6 22. Rfa1 a5 23. Rxa5 Rxa5 24. Rxa5 f5 25. Qb5 Qxb5 26. Rxb5 Rc8 27. h4
Bxh4 28. Ne3 g6 29. Nd1 e4 30. g3 Bf6 31. Rb6 Be5 32. Rc6 Ra8 33. Ne3 Ra1+ 34.
Kg2 Rb1 35. Nc4 Bxc3 36. Nxd6 Bxb4 37. Rb6 Kf8 38. Rb7 e3 39. fxe3 Rb2+ 40. Kf3
Ba3 41. Rf7+ Kg8 42. Rd7 Bxd6 43. Rxd6 Rd2 44. Kf4 Rd3 45. Rd7 h6 46. Ke5 Rxe3+
47. Kf6 Rxg3 48. d6 f4 49. Re7 1-0

[Event "XXVI Festival Conca della Presolana A"]
[Site "Bratto - Castione della Presolana ITA"]
[Date "2006.08.23"]
[Round "5"]
[White "Tramalloni, Luca"]
[Black "Lucaroni, Massimiliano"]
[Result "1-0"]
[WhiteElo "2114"]
[BlackElo "2293"]
[PlyCount "77"]
[EventDate "2006.08.19"]

1. d4 d5 2. c4 e6 3. Nc3 c5 4. e3 Nf6 5. Nf3 Nc6 6. a3 Bd6 7. dxc5 Bxc5 8. b4
Bd6 9. Bb2 O-O 10. cxd5 exd5 11. Rc1 a5 12. b5 Ne5 13. Nd4 Qe7 14. Qb3 Neg4 15.
Be2 Be6 16. g3 a4 17. Nxa4 Ne4 18. Nxe6 Qxe6 19. Bxg4 Qxg4 20. Nb6 Rad8 21.
Nxd5 Ng5 22. Rc4 Nf3+ 23. Ke2 Nd4+ 24. Kd3 Qf5+ 25. Kxd4 Be5+ 26. Kc5 Rxd5+ 27.
Kb4 Rxb5+ 28. Kxb5 Bd4+ 29. Kb4 b6 30. Qc2 Qa5+ 31. Kb3 Qd5 32. Bxd4 b5 33. Rc1
Rc8 34. Kb2 bxc4 35. Bc3 Qb5+ 36. Ka2 Ra8 37. Rb1 Qd5 38. Qd2 Qe4 39. Qd4 1-0

[Event "XXVI Festival Conca della Presolana A"]
[Site "Bratto - Castione della Presolana ITA"]
[Date "2006.08.23"]
[Round "5"]
[White "Vezzosi, Paolo"]
[Black "Di Fonzo, Valerio"]
[Result "1/2-1/2"]
[WhiteElo "2356"]
[BlackElo "2202"]
[PlyCount "124"]
[EventDate "2006.08.19"]

1. d4 Nf6 2. Nf3 g6 3. Bg5 Bg7 4. Nbd2 O-O 5. e4 d6 6. c3 Qe8 7. Bc4 e5 8. dxe5
dxe5 9. O-O h6 10. Bxf6 Bxf6 11. b4 Nc6 12. Qb3 Nd8 13. Rfd1 Ne6 14. Nf1 Nf4
15. Ne3 Kg7 16. Qc2 Bd7 17. Rd2 Rd8 18. Rad1 Qe7 19. h3 Bc8 20. Kh2 Rxd2 21.
Rxd2 Rd8 22. Bf1 Rxd2 23. Nxd2 Qd7 24. Ng4 h5 25. Nxf6 Kxf6 26. Nc4 Qe6 27. Ne3
Qd7 28. h4 Kg7 29. g3 Ne6 30. Bh3 Qd8 31. Nc4 f6 32. Kg1 b6 33. Ne3 Nf8 34.
Bxc8 Qxc8 35. Qd3 Qd7 36. Qxd7+ Nxd7 37. Nd5 c5 38. Kf1 Kf7 39. Ke2 cxb4 40.
cxb4 Ke6 41. Nc7+ Ke7 42. Kd3 g5 43. Kc4 gxh4 44. gxh4 Nf8 45. Nd5+ Ke6 46. Ne3
Ng6 47. Nf5 a6 48. a4 Kd7 49. a5 bxa5 50. bxa5 Kc6 51. Ng7 Nxh4 52. Nxh5 f5 53.
Nf6 fxe4 54. Nxe4 Nf5 55. Nc5 Nd6+ 56. Kb4 Nf5 57. Nxa6 e4 58. Nc5 e3 59. f4 e2
60. Nd3 Ne3 61. Kc3 Nd5+ 62. Kd2 Nxf4 1/2-1/2

[Event "XXVI Festival Conca della Presolana A"]
[Site "Bratto - Castione della Presolana ITA"]
[Date "2006.08.23"]
[Round "5"]
[White "Voltolini, Giuseppe"]
[Black "Mazzilli, Piero"]
[Result "1-0"]
[WhiteElo "2216"]
[BlackElo "2310"]
[PlyCount "49"]
[EventDate "2006.08.19"]

1. e4 c5 2. Nf3 d6 3. Bb5+ Bd7 4. Bxd7+ Qxd7 5. O-O Nc6 6. c3 Nf6 7. d4 cxd4 8.
cxd4 Nxe4 9. d5 Ne5 10. Nxe5 dxe5 11. Re1 Nf6 12. Rxe5 e6 13. Nc3 Bd6 14. dxe6
fxe6 15. Re3 O-O-O 16. g3 h5 17. Rd3 e5 18. Bg5 h4 19. Rc1 Kb8 20. g4 e4 21.
Rxd6 Qxd6 22. Qxd6+ Rxd6 23. Bf4 Rhd8 24. Rd1 Nxg4 25. Nxe4 1-0

[Event "XXVI Festival Conca della Presolana A"]
[Site "Bratto - Castione della Presolana ITA"]
[Date "2006.08.23"]
[Round "5"]
[White "Zucchelli, Massimo"]
[Black "Brun, Dario"]
[Result "0-1"]
[WhiteElo "2135"]
[BlackElo "2040"]
[PlyCount "33"]
[EventDate "2006.08.19"]

1. d4 d5 2. c4 c6 3. Nf3 Nf6 4. Nc3 dxc4 5. a4 Bg4 6. Ne5 Bh5 7. f3 Nfd7 8.
Nxc4 e5 9. Nxe5 Nxe5 10. dxe5 Nd7 11. f4 Bb4 12. Bd2 Nc5 13. Qc2 O-O 14. e3 f6
15. Bc4+ Kh8 16. e6 f5 17. O-O {...} 0-1

[Event "XXVI Festival Conca della Presolana A"]
[Site "Bratto - Castione della Presolana ITA"]
[Date "2006.08.24"]
[Round "6"]
[White "Astengo, Corrado"]
[Black "Tomba, Ivan"]
[Result "1/2-1/2"]
[WhiteElo "2119"]
[BlackElo "2227"]
[PlyCount "63"]
[EventDate "2006.08.19"]

1. e4 c5 2. Nf3 e6 3. d4 cxd4 4. Nxd4 a6 5. Nc3 d6 6. Bd3 b5 7. Be3 Bb7 8. f4
Nd7 9. O-O Ngf6 10. Qf3 Rc8 11. Rae1 Nc5 12. a3 Be7 13. Kh1 O-O 14. Qh3 g6 15.
Bd2 Nxd3 16. cxd3 h5 17. f5 e5 18. Nde2 Ng4 19. Qg3 Bh4 20. Qf3 Bxe1 21. Rxe1
gxf5 22. Qxf5 Qf6 23. Ng3 Qxf5 24. Nxf5 Nf2+ 25. Kg1 Nxd3 26. Re3 Nxb2 27. Rg3+
Kh7 28. Rg5 Nc4 29. Rxh5+ Kg8 30. Rg5+ Kh7 31. Rh5+ Kg8 32. Rg5+ 1/2-1/2

[Event "XXVI Festival Conca della Presolana A"]
[Site "Bratto - Castione della Presolana ITA"]
[Date "2006.08.24"]
[Round "6"]
[White "Astengo, Marcello"]
[Black "Cecchetto, Vanni"]
[Result "1-0"]
[WhiteElo "2109"]
[BlackElo "2006"]
[PlyCount "35"]
[EventDate "2006.08.19"]

1. d4 Nf6 2. c4 c5 3. d5 e6 4. Nc3 exd5 5. cxd5 d6 6. Nf3 g6 7. Bf4 Bg7 8. Qa4+
Bd7 9. Qb3 Qc7 10. Nd2 a6 11. Nc4 b5 12. Nxd6+ Kf8 13. g3 g5 14. Ndxb5 Qa5 15.
Bd6+ Kg8 16. Nc7 Ne4 17. Nxa8 Bb5 18. Bc7 1-0

[Event "XXVI Festival Conca della Presolana A"]
[Site "Bratto - Castione della Presolana ITA"]
[Date "2006.08.24"]
[Round "6"]
[White "Beccaris, Gabriele"]
[Black "Di Donato, Giovanni"]
[Result "1-0"]
[WhiteElo "2025"]
[BlackElo "1951"]
[PlyCount "39"]
[EventDate "2006.08.19"]

1. e4 e5 2. Nf3 f5 3. Bc4 fxe4 4. Nxe5 d5 5. Qh5+ g6 6. Nxg6 hxg6 7. Qxg6+ Kd7
8. Bxd5 Ne7 9. Qe6+ Ke8 10. Qf7+ Kd7 11. Nc3 c6 12. Bxe4 Qc7 13. d4 Qd6 14. d5
cxd5 15. Nxd5 Kd8 16. Bf4 Qc5 17. O-O-O Bd7 18. Nc7 Kc8 19. Nxa8 Bh6 20. Bxh6
1-0

[Event "XXVI Festival Conca della Presolana A"]
[Site "Bratto - Castione della Presolana ITA"]
[Date "2006.08.24"]
[Round "6"]
[White "Borgo, Giulio"]
[Black "Drasko, Milan"]
[Result "1/2-1/2"]
[WhiteElo "2414"]
[BlackElo "2521"]
[PlyCount "24"]
[EventDate "2006.08.19"]

1. c4 e5 2. Nc3 Nf6 3. Nf3 Nc6 4. e3 Bb4 5. Qc2 Bxc3 6. Qxc3 Qe7 7. a3 a5 8. d3
d5 9. cxd5 Nxd5 10. Qc2 O-O 11. b3 Nb6 12. Be2 Bg4 1/2-1/2

[Event "XXVI Festival Conca della Presolana A"]
[Site "Bratto - Castione della Presolana ITA"]
[Date "2006.08.24"]
[Round "6"]
[White "Bresciani, Nicola"]
[Black "Scotti, Umberto"]
[Result "1/2-1/2"]
[WhiteElo "2290"]
[BlackElo "2207"]
[PlyCount "37"]
[EventDate "2006.08.19"]

1. e4 e6 2. d4 d5 3. Nd2 c5 4. exd5 Qxd5 5. Ngf3 cxd4 6. Bc4 Qd6 7. O-O Nf6 8.
Nb3 Nc6 9. Nbxd4 Nxd4 10. Nxd4 a6 11. Bb3 Qc7 12. Qf3 Bd6 13. h3 O-O 14. Bg5
Nd7 15. c3 Ne5 16. Qe4 b5 17. Bc2 Ng6 18. Qe2 Bb7 19. Be4 1/2-1/2

[Event "XXVI Festival Conca della Presolana A"]
[Site "Bratto - Castione della Presolana ITA"]
[Date "2006.08.24"]
[Round "6"]
[White "Brun, Dario"]
[Black "Ambrosi, Eleonora"]
[Result "1/2-1/2"]
[WhiteElo "2040"]
[BlackElo "2147"]
[PlyCount "86"]
[EventDate "2006.08.19"]

1. d4 d5 2. c4 Nc6 3. Nc3 Nf6 4. Nf3 dxc4 5. e4 Bg4 6. Be3 e6 7. Bxc4 Bb4 8.
Qc2 O-O 9. Rd1 Qe7 10. Bb5 Rad8 11. O-O Bxf3 12. gxf3 e5 13. Bxc6 bxc6 14. Ne2
Nd7 15. Ng3 exd4 16. Nf5 Qc5 17. Qxc5 Bxc5 18. Nxd4 Ne5 19. Nxc6 Rxd1 20. Rxd1
Nxf3+ 21. Kg2 Bxe3 22. Kxf3 Bb6 23. Rd7 a5 24. Ne7+ Kh8 25. Nd5 Bd4 26. Rxc7
Bxb2 27. Ra7 h6 28. Rxa5 f5 29. Nf4 fxe4+ 30. Kxe4 Kh7 31. Ra6 Rc8 32. a4 Rc4+
33. Kf3 Be5 34. Ne2 Rb4 35. Ng3 Rf4+ 36. Kg2 Bd4 37. f3 Be3 38. Re6 Bd2 39. Re4
Rf6 40. Rg4 Rc6 41. Nf5 g5 42. h4 Bf4 43. hxg5 hxg5 1/2-1/2